000 00549nam a2200205 i 4500
001 C2-0179563
003 PPAK
005 20180728094940.0
008 981012s1976 ja a|||| ||||| | eng d
040 _aPPAK
_beng
_cPPAK
_erda
082 0 4 _a915.2
_2 23
090 0 0 _a915.2
_bJAP
_dKIH
245 0 0 _aJapan
264 1 _aJapan :
_bHoikusha Publishing Co. Ltd. ,
_c1976
300 _a128 pages :
_bcolour illustrations ;
_c15 cm
336 _2rdacontent
_atext
337 _2rdamedia
_aunmediated
338 _2rdacarrier
_avolume
942 _ddc
_cB
999 _c155686
_d155686